| 000 | 01152cam a2200277 4500 | ||
|---|---|---|---|
| 008 | 010928n2001 000 0 eng u | ||
| 020 | _a0852975899 | ||
| 035 | _a(Sirsi) u114908 | ||
| 050 | _a658.404 | ||
| 100 | _aBlock, T. | ||
| 245 | 4 | _aThe project office : a key to managing projects effectively | |
| 260 |
_aLondon _bFinancial World _c2001 |
||
| 300 |
_aix,86p. _c22cm. |
||
| 350 | _a8.95 | ||
| 490 | _aFinancial World Management Library | ||
| 520 | _aDescribes the evolution of the project office as a means of providing support to projects, standardising approaches to them, training project staff and ensuring that all parts of the organisation are utilised effectively. Includes chapters on: project management consulting and mentoring; developing standards; providing the organisation with project managers; virtual teams; and establishing a project office. | ||
| 650 | _aCONSULTANCY | ||
| 650 | _aMENTORING | ||
| 650 | _aPROJECT MANAGERS | ||
| 650 | _aPROJECT OFFICE | ||
| 650 | _aCAREERS, EDUCATION AND TRAINING | ||
| 650 | _aVIRTUAL TEAMS | ||
| 690 |
_aProject management _96261 |
||
| 700 | _aFrame, J. | ||
| 942 | _n0 | ||
| 999 |
_c101682 _d101682 |
||